000 00566nam a22002177a 4500
005 20170124110106.0
010 _a767045
020 _c00.00
035 _a767045
037 _bCen Lib/Ret
040 _aDPL
_bEN
082 _aS
_bBEN
100 _aBentley, Phyllis
_928190
245 _aKith and kin :
_cby Phyllis Bentley
_bnine tales of family life /
260 _bVictor Gollancz
_c1960
_aLondon
270 _bLondon
300 _a224p.
_c20cm(Hb)
650 _aliterature
_96262
650 _aStories
_xFamily
_928191
942 _2ddc
_cEN
_hS
_mBEN
999 _c130068
_d130068